000 00702nam a2200217 i 4500
001 89811
003 ES-MaACL
005 20250809063508.0
007 t|
008 050113s1964 sp ||||1| spa d
100 1 _aLaurentin, René,
_d1917-2017
_970642
245 1 0 _aBalance de la segunda sesión /
_cRené Laurentin ; traducción de Julio Cerón.
260 _a[Madrid] :
_bTaurus,
_c[1964]
300 _a412 p. ;
_c18 cm.
490 1 _aEl Futuro de la Verdad ;
_v14
611 0 4 _aConcilio Vaticano (
_n2º.
_d1962-1965)
_9122
700 0 _aMasó, Salustiano,
_d1923-
_978744
830 0 _aEl Futuro de la Verdad ;
_v14
_9180936
852 _aES-MaACL
_jD-2316
999 _c89811
_d89811